[Event "Cali Region-ch U18"]
[Site "Cali"]
[Date "2011.12.05"]
[Round "4.1"]
[White "Hernandez, Cristian Andres"]
[Black "Arce, Jhonatan"]
[Result "1-0"]
[WhiteElo "1976"]
[BlackElo "1500"]
[PlyCount "29"]
[EventDate "2011.12.04"]
[EventType "swiss"]
[EventRounds "7"]
[EventCountry "COL"]
[SourceTitle "EXT 2024"]
[Source "ChessBase"]
[SourceDate "2023.10.10"]
[SourceVersion "1"]
[SourceVersionDate "2023.10.10"]
[SourceQuality "1"]

1. d4 Nf6 2. c4 g6 3. Nc3 d6 4. Nf3 Bg7 5. e4 0-0 6. Be2 Nc6 7. Bg5 h6 8. Bh4 Re8 9. 0-0 e5 10. dxe5 Nxe5 11. Nxe5 Rxe5 12. f4 Re8 13. e5 dxe5 14. Qxd8 Rxd8 15. fxe5 1-0

[Event "Cali Region-ch U18"]
[Site "Cali"]
[Date "2011.12.04"]
[Round "1.7"]
[White "Escobar, Guido Jose"]
[Black "Arce, Jhonatan"]
[Result "0-1"]
[WhiteElo "1955"]
[BlackElo "1500"]
[PlyCount "69"]
[EventDate "2011.12.04"]
[EventType "swiss"]
[EventRounds "7"]
[EventCountry "COL"]
[SourceTitle "EXT 2024"]
[Source "ChessBase"]
[SourceDate "2023.10.10"]
[SourceVersion "1"]
[SourceVersionDate "2023.10.10"]
[SourceQuality "1"]

1. e4 c5 2. Nf3 Nc6 3. d4 cxd4 4. Nxd4 d6 5. Nc3 a6 6. Be2 Nf6 7. Bg5 e6 8. Qd2 Be7 9. 0-0-0 Qc7 10. h4 h6 11. Be3 Bd7 12. f3 Nxd4 13. Bxd4 e5 14. Be3 Bc6 15. g4 0-0-0 16. Nd5 Bxd5 17. exd5 Nd7 18. Qd3 Nc5 19. Qf5+ Kb8 20. Bxc5 Qxc5 21. Kb1 Rhf8 22. Bd3 Ka7 23. Qe4 g6 24. b4 Qb6 25. a3 f5 26. gxf5 gxf5 27. Qe2 Rc8 28. Qd2 a5 29. b5 f4 30. a4 Rc5 31. c4 Rcc8 32. h5 Rg8 33. Rc1 Rg3 34. Rhf1 Rcg8 35. Bg6 0-1

[Event "South Region-ch U16"]
[Site "Cali"]
[Date "2011.04.05"]
[Round "5.1"]
[White "Arce, Jhonatan"]
[Black "Zuleta, Juan Esteban"]
[Result "0-1"]
[WhiteElo "1793"]
[BlackElo "1858"]
[PlyCount "54"]
[EventDate "2011.04.05"]
[EventType "swiss"]
[EventRounds "7"]
[EventCountry "COL"]
[SourceTitle "EXT 2024"]
[Source "ChessBase"]
[SourceDate "2023.10.10"]
[SourceVersion "1"]
[SourceVersionDate "2023.10.10"]
[SourceQuality "1"]

1. e4 c5 2. Nf3 Nc6 3. d4 cxd4 4. Nxd4 Nf6 5. Nxc6 bxc6 6. Nc3 d5 7. e5 Nd7 8. Bf4 e6 9. Bd3 Bb4 10. 0-0 Nc5 11. Be2 Ba6 12. a3 Bxc3 13. bxc3 Bxe2 14. Qxe2 0-0 15. f3 Nd7 16. Bg3 Nb6 17. Rfd1 Nc4 18. Rd4 Qa5 19. Qd3 Rab8 20. Rh4 g6 21. Bf2 Rb2 22. Qd4 Rxc2 23. Qf4 Qxc3 24. Rf1 Qxe5 25. Qxe5 Nxe5 26. Bxa7 Ra8 27. Ra4 Nc4 0-1

[Event "South Region-ch U18"]
[Site "Florencia"]
[Date "2011.03.31"]
[Round "1.1"]
[White "Hernandez, Cristian Andres"]
[Black "Arce, Jhonatan"]
[Result "1-0"]
[WhiteElo "1995"]
[BlackElo "1793"]
[PlyCount "135"]
[EventDate "2011.03.31"]
[EventType "tourn"]
[EventRounds "5"]
[EventCountry "COL"]
[SourceTitle "EXT 2024"]
[Source "ChessBase"]
[SourceDate "2023.10.10"]
[SourceVersion "1"]
[SourceVersionDate "2023.10.10"]
[SourceQuality "1"]

1. d4 d5 2. c4 dxc4 3. Nc3 Nf6 4. Nf3 Bf5 5. e3 Nbd7 6. Bxc4 e6 7. 0-0 c6 8. Bd3 Bg4 9. e4 Nb6 10. Be3 Be7 11. Rc1 0-0 12. Qe2 Nfd7 13. h3 Bh5 14. g4 Bg6 15. Nh2 f5 16. f3 f4 17. Bf2 Bh4 18. Rfd1 Re8 19. Nf1 Qg5 20. e5 Bxd3 21. Rxd3 Nf8 22. Nd2 Ng6 23. Nde4 Qh6 24. Bxh4 Qxh4 25. Qh2 Re7 26. Nd6 Rd8 27. Nce4 Nc8 28. Rdd1 Qh6 29. Qg2 Nh4 30. Qf2 Ng6 31. Kh2 Nh4 32. Rg1 Nxd6 33. Nxd6 Rf8 34. Ne4 Kh8 35. b4 Rd7 36. Nd6 a6 37. a4 Ng6 38. Rb1 Ne7 39. Rgc1 Nc8 40. Nxc8 Rxc8 41. b5 axb5 42. axb5 Rdc7 43. bxc6 bxc6 44. Qd2 g5 45. Qf2 Kg8 46. Rb6 Kf7 47. Rc5 Kg8 48. Qg2 Kf7 49. Kg1 Qh4 50. Qf2 Qxf2+ 51. Kxf2 Ke7 52. Ke2 Kd7 53. Ra5 Ke7 54. Raa6 Kd7 55. Kd3 Rg8 56. Kc4 Re8 57. Kb4 Rf8 58. Kc5 Rfc8 59. Ra1 Re8 60. Kc4 Rg8 61. Rba6 Rg6 62. Ra8 Rh6 63. Rg8 Rxh3 64. Ra3 h6 65. Kc5 Rh1 66. Rg7+ Kc8 67. Rg6 Rc1+ 68. Kd6 1-0